000 004450000a22001690004500
041 0 _aENG
082 0 4 _aG 282 W4531d
100 1 _aBardwell, H. B.
245 1 0 _aCrux ansata : An indictment of the roman catholic church / H. G. Wells
260 _aNew York, USA : Agora
300 _a113 Pag
001 10048
942 _cBK
999 _c39804
_d39804
336 _atexto
_btxt
_2rdacontent
337 _2rdamedia
_asin mediación
_bn
338 _2rdacarrier
_avolumen
_bnc